000 00283nam a22001217a 4500
040 _cSK
082 _a589
100 _aត្រាន់ ថាន់កាញ់
245 _aធរណីវិទ្យា
260 _aNA
_bត្រាន
_c1992
300 _a59p.
942 _cKB
999 _c9468
_d9468